Teatro portugués contemporáneo / (Record no. 128981)

MARC details
000 -LEADER
campo de control de longitud fija 01126nam a2200277 i 4500
001 - NÚMERO DE CONTROL
campo de control 128981
003 - IDENTIFICADOR DE NÚMERO DE CONTROL
campo de control ES-MaACL
005 - FECHA Y HORA DE LA ÚLTIMA TRANSACCIÓN
campo de control 20251013220233.0
007 - CAMPO FIJO DE DESCRIPCIÓN FÍSICA--INFORMACIÓN GENERAL
campo de control de longitud fija t|
008 - DATOS DE LONGITUD FIJA--INFORMACIÓN GENERAL
campo de control de longitud fija 070601s1961 sp ||||1| spa d
080 ## - NÚMERO DE LA CLASIFICACIÓN DECIMAL UNIVERSAL
Número de la Clasificación Decimal Universal 869-2"19"(082)
245 00 - MENCIÓN DEL TÍTULO
Título Teatro portugués contemporáneo /
Mención de responsabilidad, etc. selección y prólogo de Luiz Francisco Rebello ; traducción del portugués por Víctor Auz Castro.
260 ## - PUBLICACIÓN, DISTRIBUCIÓN, ETC.
Lugar de publicación, distribución, etc. Madrid :
Nombre del editor, distribuidor, etc. Aguilar,
Fecha de publicación, distribución, etc. [1961]
300 ## - DESCRIPCIÓN FÍSICA
Extensión 441 p. ;
Dimensiones 20 cm.
505 8# - NOTA DE CONTENIDO CON FORMATO
Nota de contenido con formato Contiene: El loco y la muerte / Raúl Brandão . Jacob y el ángel / José Régio . Rouge! / Alfredo Cortez . La promesa / Bernardo Santareno . Es urgente el amor / Luiz Francisco Rebello . Un hombre solo / Costa Ferreira
650 #4 - PUNTO DE ACCESO ADICIONAL DE MATERIA--TÉRMINO DE MATERIA
Término de materia o nombre geográfico como elemento de entrada Teatro portugués-
Subdivisión cronológica S.XX.
9 (RLIN) 17384
700 1# - ENTRADA AGREGADA--NOMBRE PERSONAL
Nombre de persona Rebello, Luiz Francisco.
9 (RLIN) 95694
700 1# - ENTRADA AGREGADA--NOMBRE PERSONAL
Nombre de persona Auz, Víctor,
Fechas asociadas al nombre 1935-
9 (RLIN) 173073
700 1# - ENTRADA AGREGADA--NOMBRE PERSONAL
Nombre de persona Brandão, Raúl,
Fechas asociadas al nombre 1867-1930
9 (RLIN) 31331
700 1# - ENTRADA AGREGADA--NOMBRE PERSONAL
Nombre de persona Regio, José.
9 (RLIN) 95891
700 1# - ENTRADA AGREGADA--NOMBRE PERSONAL
Nombre de persona Cortez, Alfredo.
9 (RLIN) 40919
700 1# - ENTRADA AGREGADA--NOMBRE PERSONAL
Nombre de persona Santareno, Bernardo.
9 (RLIN) 103353
700 1# - ENTRADA AGREGADA--NOMBRE PERSONAL
Nombre de persona Costa Ferreira.
9 (RLIN) 41095
852 ## - LOCALIZACIÓN
Ubicación ES-MaACL
Número de control de estantería C-21426
Holdings
Estatus retirado Estado de pérdida Estado de daño No para préstamo Biblioteca de origen Biblioteca actual Ubicación en estantería Fecha de adquisición Fuente de adquisición Total de préstamos Signatura topográfica completa Código de barras Visto por última vez Precio de reemplazo Tipo de ítem Koha
        Biblioteca del Ateneo de Madrid Biblioteca del Ateneo de Madrid Galería 17/01/2008     C-21426 1134322 23/02/2023 23/02/2023 Libro impreso